Countries With The Most Olympic Medals Per Capita - Statistics

General Stats
  • This quiz has been taken 737 times
    261 since last reset
  • The average score is 5 of 10
Answer Stats
Medals Per Million Country % Correct
29.7 Norway
83%
55.1 Finland
78%
50.1 Sweden
78%
35.5 Denmark
61%
29.5 Jamaica
58%
52.8 Hungary
47%
88.6 San Marino
34%
35.9 Bahamas
29%
32.0 Bulgaria
22%
32.0 Bermuda
8%
No matching quizzes found
Score Distribution
Percent of People with Each Score
Percentile by Number Answered
Your Score History
You have not taken this quiz since the last reset